Todas las canciones de Ed Sheeran - Estadísticas

Estadísticas generales
  • Esta prueba ha sido intentada 12 veces
  • La puntuación promedio es 25 de 179
Estadísticas de respuestas
Colaboraciones Canciones % Correcto
Perfect
100%
Thinking Out Loud
92%
Shape Of You
83%
Photograph
75%
Camila Cabello (feat. Ed Sheeran) Bam Bam
58%
Castle On The Hill
58%
Dive
58%
Galway Girl
58%
feat. Justin Bieber I Don't Care
58%
The A Team
58%
Happier
50%
Shivers
50%
2step
42%
Bad Habits
42%
feat. Khalid Beautiful People
42%
Don't
42%
Sapphire
42%
Sing
42%
So
42%
Tenerife Sea
42%
Azizam
33%
Barcelona
33%
Lego House
33%
feat. Paulo Londra & Dave Nothing On You
33%
Old Phone
33%
J. Balvin (feat. Ed Sheeran) Sigue
33%
Supermarket Flowers
33%
A Little More
25%
Bloodstream
25%
Boat
25%
Camera
25%
Drunk
25%
Friends
25%
I'm A Mess
25%
I See Fire
25%
Nina
25%
One
25%
Overpass Graffiti
25%
Eminem (feat. Ed Sheeran) River
25%
Small Bump
25%
feat. Camila Cabello & Cardi B South Of The Border
25%
Afterglow
17%
feat. Yebba Best Part Of Me
17%
Celestial
17%
feat. Chance The Raper & PnB Rock Cross Me
17%
England
17%
English Rose
17%
Eraser
17%
Eyes Closed
17%
First Times
17%
J. Balvin (feat. Ed Sheeran) Forever My Love
17%
Give Me Love
17%
Hearts Don't Break Around Here
17%
Love In Slow Motion
17%
Magical
17%
Make It Rain
17%
Midnight
17%
Nancy Mulligan
17%
New Man
17%
Paulo Londra (feat. Ed Sheeran) Noche De Novela
17%
Fireboy DML (feat. Ed Sheeran) Peru
17%
Plastic Bag
17%
feat. Eminem & 50 Cent Remember The Name
17%
Sand Man
17%
The Hills Of Aberfeldy
17%
The Joker And The Queen
17%
The Man
17%
Welcome To The World
17%
feat. Wiley You
17%
feat. Meek Mill & A Boogie Wit Da Hoodie 1000 Nights
8%
Afire Love
8%
feat. Travis Scott Antisocial
8%
Be Right Now
8%
Bibia Bi Ye Ye
8%
feat. Chris Stapleton & Bruno Mars Blow
8%
Fuse ODG, Mugeez (feat. Ed Sheeran) Boa Me
8%
Vianney (feat. Ed Sheeran) Call On Me
8%
Cold Coffee
8%
Collide
8%
Drive
8%
feat. P Money Family
8%
feat. Young Thug & J Hus Feels
8%
Big Narstie, Papoose (feat. Ed Sheeran) Groundwork
8%
Heaven
8%
How Would You Feel
8%
feat. H.E.R. I Don't Want Your Money
8%
In Other Words
8%
I Will Remember You
8%
Kiss Me
8%
feat. Elton John Merry Christmas
8%
One Life
8%
One Night
8%
Opening
8%
Page
8%
Penguins
8%
Punchline
8%
feat. Ella Mai Put It All On Me
8%
Save Myself
8%
She
8%
Sofa
8%
Spring
8%
Stop The Rain
8%
Symmetry
8%
Take It Back
8%
feat. Stormzy Take Me Back To London
8%
The Day I Was Born
8%
Vega
8%
Visiting Hours
8%
War Game
8%
What Do I Know?
8%
Wildflowers
8%
You Need Me, I Don't Need You
8%
A Beautiful Game
0%
All Of The Stars
0%
Amazing
0%
American Town
0%
Autumn Leaves
0%
Baby One More Time
0%
Be Like You
0%
Be My Husband
0%
Blue
0%
Borderline
0%
Colourblind
0%
Curtains
0%
Don't Look Down
0%
feat. Ghetts Drown Me Out
0%
Dusty
0%
End Of Youth
0%
Even My Dad Does Sometimes
0%
Everything You Are
0%
F64
0%
Fall
0%
Fire Alarms
0%
Firefly
0%
For Always
0%
Freedom
0%
Gold Rush
0%
feat. Dot Rotten Goodbye To You
0%
Grade 8
0%
Head > Heels
0%
Homeless
0%
Intro
0%
feat. Devlin Lately
0%
Rudimental (feat. Ed Sheeran) Lay It All On Me
0%
Leave Your Life
0%
Let It Out
0%
Life Goes On
0%
Little Bird
0%
feat. Mikill Pane Little Lady
0%
Lonely Lovers
0%
Moving
0%
New York
0%
feat. Random Impulse, Sway & Wretch 32 Nightmares
0%
No Strings
0%
Parting Glass
0%
Problems
0%
feat. JME Radio
0%
Regrets
0%
Runaway
0%
Salt Water
0%
Shirtsleeves
0%
Slowly
0%
Spark
0%
Stoned
0%
Sunburn
0%
Sycamore
0%
That's On Me
0%
The City
0%
The Vow
0%
This
0%
Tides
0%
Touch And Go
0%
Toughest
0%
Under The Tree
0%
U.N.I.
0%
Wake Me Up
0%
feat. Skrillex Way To Break My Heart
0%
When Will I Be Alright
0%
Where We Land
0%
No se encontraron pruebas coincidentes
Distribución de puntuación
Porcentaje de gente con cada puntuación
Porcentaje por número respondido
Historial de tus puntuaciones
No has intentado esta prueba.